00481nam a22001217a 4500008004100000020001500041050002800056245015400084260004400238300002300282440003400305800002000339140827b xxu||||| |||| 00| 0 eng d a0406093989 aKD277.7.L39(1963 vol.2) aThe Law Reports (1963 vol.2). Queen's Bench Division: and on appeal therefrom in the Court of Appeal and decisions in the Court of Criminal Appeal. / aLondon:bButterworth and Co Ltd,c1963. aix, 823 p.:c24cm. pQueen's Bench DivisionvVol 2 aColinvaux, R.P.